01503nam a2200337 a 4500001001000000003000500010005001700015008004100032010001100073011001100084040000900095090001000104100003800114245016400152260004100316500006000357502008000417590004100497590004000538590004000578650004500618650004600663650006800709856007000777901000700847942001000854942000600864999001900870952013600889952014001025000112904CHAP20220329144327.0170209s2016 mx sm |||||||spa d a109365 a110337 cCHAP aTesis1 aPérez Sánchez, Teresa913145810aDeterminación de la productividad en el aserradero "Plan Maestro Los Ocotones" en Cintalapa de Figueroa, Chiapash[En línea]cpor Teresa Pérez Sánchez. aChapingo, Méx. :bEl autor,c2016. aPara ver el contenido del material haga clic en la liga aTesis (Ing. Forestal Industrial) -- UACH. División de Ciencias Forestales aE11695DGDb10c20170210lUCH01h1000 aE5765TAJb05c20170209lUCH01h0923 aE5765TAJb05c20170209lUCH01h092414aAserraderosxControl de calidad.913146114aMadera aserradaxAprovechamiento.913145914aMadera aserradaxProcesos de manufacturaxEvaluación.9131460 aFinding aiduhttp://10.13.5.2/tesis/sist112904.pdfzTeclea aquí aBK cTESIS n0 c109365d109365 00104054718TESISaBCbBCd2017-02-09fTESISl0oTesisp33724002536561r2019-12-31 00:00:00w2019-12-31yTESISzRecien adquirido 00102local4053708TESISaBCbBCcPA_TESISd2017-02-09fTESISl0oTesisp33724002536603r2019-12-31 00:00:00tc.2w2019-12-31yTESIS